000 00549nam a2200193Ia 4500
005 20260120124521.0
008 008 260114s9999 xx 000 0 eng d
020 _a9781786352705
037 _aEBOOK
040 _aCRL
_beng
_cCRL
041 _aeng
_2eng
084 _qCRL
245 4 _aThe Future of Library Space
260 _bEmerald Publishing
_c2016
700 _aSamantha Schmehl Hines
_9907340
856 _uhttps://www.emerald.com/insight/publication/doi/10.1108/S0732-0671201736
942 _cEBOOK
999 _c1499066
_d1499066